00381 2200169 4500245003700000020001800037250001100055100001600066650001700082005001900099260001400118041001400132084001300146300003200159336000900191338001100200 aTrinity BloodcKyujo, KiyohText a979-26-2635-2 aCet. 1 aKyujo, Kiyo aKomik Jepang a20230202092038 bMs Comics aIndonesia a741.5592 a... jil. :bilus. ;c17 cm. atext avolume